Dollar Hegemony : (Record no. 1715130)

MARC details
000 -LEADER
fixed length control field 00561 a2200193 4500
005 - DATE AND TIME OF LATEST TRANSACTION
control field 20260319124941.0
008 - FIXED-LENGTH DATA ELEMENTS--GENERAL INFORMATION
fixed length control field 260319b |||||||| |||| 00| 0 eng d
020 ## - INTERNATIONAL STANDARD BOOK NUMBER
International Standard Book Number 9781035320929
040 ## - CATALOGING SOURCE
Transcribing agency SDCL
041 ## - LANGUAGE CODE
Source of code eng
Language code of text/sound track or separate title eng
084 ## - COLON CLASSIFICATION NUMBER
Classification number X:57.73'P R4
245 ## - TITLE STATEMENT
Title Dollar Hegemony :
Remainder of title Past, Present, and Future
260 ## - PUBLICATION, DISTRIBUTION, ETC.
Place of publication, distribution, etc. Cheltenham :
Name of publisher, distributor, etc. Edward Elgar Publishing,
Date of publication, distribution, etc. 2024.
300 ## - PHYSICAL DESCRIPTION
Extent 137p.
700 ## - ADDED ENTRY--PERSONAL NAME
Personal name Palley, Thomas ed.
700 ## - ADDED ENTRY--PERSONAL NAME
Personal name Caldentey, Esteban perez ed.
700 ## - ADDED ENTRY--PERSONAL NAME
Personal name Vernengo, Matias ed.
942 ## - ADDED ENTRY ELEMENTS (KOHA)
Koha item type Textual
Source of classification or shelving scheme Colon Classification (CC)
700 ## - ADDED ENTRY--PERSONAL NAME
-- 1132551
700 ## - ADDED ENTRY--PERSONAL NAME
-- 1132552
700 ## - ADDED ENTRY--PERSONAL NAME
-- 1132553
999 ## -
-- 1715130
-- 1715130
Holdings
Withdrawn status Lost status Source of classification or shelving scheme Damaged status Not for loan Home library Current library Date acquired Source of acquisition Cost, normal purchase price Inventory number Total checkouts Full call number Barcode Date last seen Cost, replacement price Price effective from Koha item type
    Colon Classification (CC)     South Campus Library South Campus Library 2026-03-11 58 7867.41 71132 & 09/12/2025   X:57.73'P R4 SC1809510 2026-03-11 9834.26 2026-03-11 Textual
Copyright @ Delhi University Library System